English Football League 2019/20 Teams - Statistics

General Stats
  • This quiz has been taken 195 times
    186 since last reset
  • The average score is 74 of 92
Answer Stats
Team % Correct
Aston Villa
98%
Manchester City
98%
Manchester United
97%
Arsenal
96%
Leeds United
96%
Newcastle United
96%
Everton
95%
West Ham United
95%
Liverpool
94%
Southampton
94%
West Bromwich Albion
94%
Wolverhampton Wanderers
94%
Blackburn Rovers
93%
Bristol City
93%
Chelsea
93%
Leicester City
93%
Norwich City
93%
Nottingham Forest
93%
AFC Bournemouth
92%
Fulham
92%
Portsmouth
92%
Sheffield United
92%
Tottenham Hotspur
92%
Sheffield Wednesday
90%
Sunderland
90%
Bolton Wanderers
89%
Derby County
89%
Middlesbrough
89%
Swansea City
89%
Birmingham City
88%
Cardiff City
88%
Hull City
88%
Ipswich Town
88%
Blackpool
87%
Brighton & Hove Albion
87%
Watford
87%
Accrington Stanley
86%
Brentford
86%
Burnley
86%
Crystal Palace
86%
Queens Park Rangers
86%
Bristol Rovers
85%
Plymouth Argyle
85%
Reading
85%
Oxford United
84%
Coventry City
82%
Stoke City
82%
Bradford City
81%
AFC Wimbledon
80%
Cambridge United
79%
Charlton Athletic
79%
Exeter City
79%
Doncaster Rovers
78%
Huddersfield Town
77%
Luton Town
77%
Preston North End
76%
Salford City
76%
Wycombe Wanderers
76%
Barnsley
74%
Millwall
74%
Wigan Athletic
74%
MK Dons
73%
Burton Albion
72%
Gillingham
72%
Northampton Town
72%
Tranmere Rovers
72%
Bury
71%
Carlisle United
71%
Colchester United
71%
Crewe Alexandra
71%
Lincoln City
71%
Oldham Athletic
71%
Rotherham United
69%
Swindon Town
69%
Grimsby Town
68%
Rochdale
68%
Newport County
67%
Port Vale
67%
Shrewsbury Town
67%
Walsall
67%
Macclesfield Town
66%
Southend United
66%
Morecambe
65%
Peterborough United
65%
Forest Green Rovers
64%
Crawley Town
62%
Leyton Orient
62%
Stevenage
62%
Scunthorpe United
61%
Fleetwood Town
60%
Mansfield Town
58%
Cheltenham Town
55%
No matching quizzes found
Score Distribution
Percent of People with Each Score
Percentile by Number Answered
Your Score History
You have not taken this quiz since the last reset